[Event "Tromsøsjakken 2025"]
[Site "?"]
[Date "2025.09.05"]
[Round "1"]
[White "Aas, Robert J."]
[Black "Andersen, Daniel H."]
[Result "1-0"]
[WhiteElo "1947"]
[BlackElo "1709"]
[PlyCount "130"]
[SourceDate "2025.09.06"]
[SourceVersionDate "2025.09.06"]

1. Nf3 Nf6 2. d4 d5 3. h3 Bf5 4. c4 dxc4 5. Nc3 e6 6. Bg5 Be7 7. Bxf6 Bxf6 8.
e4 Bg6 9. Bxc4 Nd7 10. O-O O-O 11. Qe2 Nb6 12. Rfd1 Nxc4 13. Qxc4 c6 14. Qe2
Qc7 15. e5 Be7 16. Rac1 Qa5 17. Nd2 Rfd8 18. Nc4 Qa6 19. a4 Rd7 20. Ne4 Bxe4
21. Qxe4 Qxa4 22. Rd3 Rad8 23. b3 Qa6 24. Rcd1 b5 25. Ne3 Qb6 26. f4 g6 27. g4
a5 28. Kh2 a4 29. bxa4 bxa4 30. d5 cxd5 31. Qxa4 Ra7 32. Qc2 Rda8 33. Rb3 Qc5
34. Rc3 Qb4 35. Kg3 d4 36. Rc4 Qb6 37. Rdxd4 Ra2 38. Qe4 Bc5 39. Rd3 R8a3 40.
Rcc3 Rxc3 41. Rxc3 Bxe3 42. Qxe3 Qb2 43. Rc8+ Kg7 44. Qc5 Ra3+ 45. Kh4 g5+ 46.
Kxg5 f6+ 47. Kh4 Rxh3+ 48. Kxh3 Qb3+ 49. Qc3 Qd5 50. Rc7+ Kh6 51. Kg3 f5 52.
Qf3 Qa5 53. Rc2 Qe1+ 54. Rf2 Qb4 55. gxf5 exf5 56. Qd3 Qe1 57. Qf3 Qb4 58. e6
Qe7 59. Rh2+ Kg7 60. Qc3+ Kg6 61. Rd2 h5 62. Rd3 h4+ 63. Kh3 Qxe6 64. Qe5 Qa2
65. Rd6+ Kh7 1-0

[Event "Tromsøsjakken NGP 2025"]
[Site "Sparebanken Nordnorge"]
[Date "2025.09.05"]
[Round "1"]
[White "Engkvist, Tomas"]
[Black "Kreken, Eivind G."]
[Result "0-1"]
[WhiteElo "1943"]
[BlackElo "2392"]
[PlyCount "48"]
[EventDate "2025.??.??"]

1. e4 d5 2. exd5 Qxd5 3. d4 Nc6 4. Nf3 Bg4 5. Be2 O-O-O 6. Be3 e5 7. c3 Nh6 8.
O-O Nf5 9. Nbd2 exd4 10. cxd4 Ncxd4 11. Bxd4 Nxd4 12. Nxd4 Bxe2 13. Qxe2 Qxd4
14. Nf3 Qf4 15. Rfc1 Bd6 16. Rc4 Qf5 17. Qe3 Kb8 18. Rac1 Rhe8 19. Qc3 g5 20.
Qb3 c5 21. Qb5 g4 22. Nh4 Qd3 23. b4 a6 24. Qb6 Bc7 0-1

[Event "Tromsøsjakken NGP 2025"]
[Site "Sparebanken Nordnorge"]
[Date "2025.09.05"]
[Round "1"]
[White "Schouten, Mathias L."]
[Black "Solbu, August"]
[Result "1-0"]
[WhiteElo "2304"]
[BlackElo "1912"]
[PlyCount "127"]
[EventDate "2025.??.??"]

1. Nf3 d5 2. g3 Nf6 3. Bg2 e6 4. O-O Be7 5. b3 O-O 6. Bb2 c5 7. d4 Nc6 8. Nbd2
b6 9. c4 Bb7 10. Rc1 Ne4 11. cxd5 exd5 12. Qc2 cxd4 13. Nxe4 dxe4 14. Qxe4 Bc5
15. Rfd1 Re8 16. Qb1 Rxe2 17. b4 Nxb4 18. Bxd4 Qe7 19. Bxc5 bxc5 20. a3 Be4 21.
Qb3 Bc2 22. Rxc2 Nxc2 23. Bf1 Nd4 24. Nxd4 cxd4 25. Bxe2 Qxe2 26. Rxd4 Qe7 27.
Rb4 Rd8 28. Rb7 Qe1+ 29. Kg2 Qe4+ 30. Qf3 Qxf3+ 31. Kxf3 Ra8 32. Ke4 g6 33. a4
Re8+ 34. Kd3 Rd8+ 35. Kc3 Rc8+ 36. Kb3 Re8 37. Rxa7 Re2 38. a5 Rxf2 39. a6 Rf3+
40. Kb4 Rf1 41. Rc7 Rb1+ 42. Kc5 Rc1+ 43. Kb6 Rb1+ 44. Kc6 Rc1+ 45. Kb7 Rb1+
46. Kc8 Kg7 47. a7 Ra1 48. Kb8 Kf6 49. a8=Q Rxa8+ 50. Kxa8 h5 51. Kb7 Ke6 52.
Kc6 f5 53. Kc5 Ke5 54. Re7+ Kf6 55. Re1 Kg5 56. Kd4 Kg4 57. Ke3 Kh3 58. Re2 g5
59. Kf3 f4 60. gxf4 h4 61. Rg2 gxf4 62. Rg4 Kxh2 63. Rxh4+ Kg1 64. Rh3 1-0

[Event "Tromsøsjakken NGP 2025"]
[Site "Sparebanken Nordnorge"]
[Date "2025.09.05"]
[Round "1"]
[White "Gulljord, Birk"]
[Black "Hammari, Vinjar"]
[Result "0-1"]
[WhiteElo "1907"]
[BlackElo "2108"]
[PlyCount "62"]
[EventDate "2025.??.??"]

1. d4 d5 2. c4 dxc4 3. e4 Nf6 4. e5 Nd5 5. Bxc4 Nc6 6. Ne2 Nb6 7. Bb3 Bg4 8. f3
Bf5 9. Nbc3 e6 10. O-O Qd7 11. Kh1 h5 12. Bg5 Be7 13. Bxe7 Qxe7 14. Rc1 O-O-O
15. a4 a6 16. a5 Nxa5 17. d5 Qb4 18. Bc2 Nxd5 19. Bxf5 Ne3 20. Qa4 Qxa4 21.
Nxa4 Nxf5 22. Nec3 Nc6 23. Rfe1 Nb4 24. Re2 Rd4 25. Ne4 Rhd8 26. Nac3 Nd3 27.
Rcc2 Nxe5 28. g4 hxg4 29. fxg4 Nh4 30. h3 Nef3 31. Nf2 Kb8 0-1

[Event "Tromsøsjakken NGP 2025"]
[Site "Sparebanken Nordnorge"]
[Date "2025.09.05"]
[Round "1"]
[White "Røyset, Pål N."]
[Black "Remman, Frank"]
[Result "1-0"]
[WhiteElo "2101"]
[BlackElo "1857"]
[PlyCount "45"]
[EventDate "2025.??.??"]

1. c4 e6 2. Nc3 d5 3. Nf3 Nf6 4. e3 Be7 5. d4 c6 6. Qc2 Nbd7 7. g4 h6 8. Bd2
Qc7 9. cxd5 exd5 10. Bd3 a6 11. Rg1 c5 12. g5 hxg5 13. Rxg5 Nf8 14. Nxd5 Nxd5
15. Rxd5 Be6 16. Re5 Nd7 17. Rxe6 fxe6 18. Bg6+ Kd8 19. dxc5 Qxc5 20. Nd4 Nf8
21. Qe4 Qd5 22. Nxe6+ Qxe6 23. Ba5+ 1-0

[Event "Tromsøsjakken NGP 2025"]
[Site "Sparebanken Nordnorge"]
[Date "2025.09.05"]
[Round "1"]
[White "Andreassen, Erik Th."]
[Black "Valvåg, Torbjørn"]
[Result "0-1"]
[WhiteElo "1820"]
[BlackElo "2052"]
[PlyCount "48"]
[EventDate "2025.??.??"]

1. e4 c5 2. Nc3 Nc6 3. Bb5 Nd4 4. Nf3 a6 5. Be2 g6 6. Nxd4 cxd4 7. Nd5 e6 8.
Nf4 Bg7 9. d3 d5 10. Bf3 dxe4 11. Bxe4 Ne7 12. O-O O-O 13. Bd2 e5 14. Ne2 Qb6
15. f4 f5 16. Bf3 e4 17. dxe4 fxe4 18. Bxe4 d3+ 19. Kh1 dxe2 20. Qxe2 Bf5 21.
Qc4+ Kh8 22. Bb4 Rac8 23. Qxc8 Rxc8 24. Bxe7 Bxe4 0-1

[Event "Tromsøsjakken NGP 2025"]
[Site "Sparebanken Nordnorge"]
[Date "2025.09.06"]
[Round "2"]
[White "Kreken, Eivind G."]
[Black "Røyset, Pål N."]
[Result "1-0"]
[WhiteElo "2392"]
[BlackElo "2101"]
[PlyCount "61"]
[EventDate "2025.??.??"]

1. d4 d5 2. c4 c6 3. Nf3 Nf6 4. Nc3 g6 5. h3 Bg7 6. cxd5 cxd5 7. Bf4 Nc6 8. e3
O-O 9. Be2 Nh5 10. Bh2 f5 11. Rc1 e6 12. Ne5 Bxe5 13. dxe5 Ng7 14. O-O Rf7 15.
Nb5 Ne8 16. Qd2 Qb6 17. a3 Bd7 18. Nd6 Nxd6 19. exd6 a5 20. Rc3 Rff8 21. h4 Qd8
22. Bg3 Qf6 23. b4 axb4 24. axb4 f4 25. Bxf4 Ra2 26. Qxa2 Qxc3 27. Qa1 Qxa1 28.
Rxa1 e5 29. Bg3 Nxb4 30. Rb1 Nc6 31. Rxb7 1-0

[Event "Tromsøsjakken NGP 2025"]
[Site "Sparebanken Nordnorge"]
[Date "2025.09.08"]
[Round "2"]
[White "Valvåg, Torbjørn"]
[Black "Schouten, Mathias L."]
[Result "1/2-1/2"]
[WhiteElo "2052"]
[BlackElo "2304"]
[PlyCount "150"]
[EventDate "2025.??.??"]

1. d4 d5 2. Nf3 Nf6 3. c4 c5 4. cxd5 cxd4 5. Qxd4 Qxd5 6. Nc3 Qxd4 7. Nxd4 a6
8. g3 e5 9. Nb3 Nc6 10. Bd2 Be6 11. Bg2 Rd8 12. Bg5 Nd4 13. Nxd4 exd4 14. Ne4
Nxe4 15. Bxe4 f6 16. Bd2 Bd5 17. Bxd5 Rxd5 18. Rc1 Kd7 19. O-O Bd6 20. Rfd1 Rc8
21. Rxc8 Kxc8 22. Kg2 Kd7 23. Be3 Bc5 24. Rd3 Ba7 25. Bd2 Kc6 26. h3 Rb5 27. b3
Rd5 28. Kf3 Kd6 29. Bb4+ Ke6 30. Bd2 Rf5+ 31. Kg2 Rd5 32. Kf3 Rd6 33. Bf4 Rd7
34. Bd2 Rd5 35. Bb4 Rd7 36. Bd2 g6 37. Bf4 f5 38. e3 Rd5 39. exd4 Bxd4 40. h4
Bb6 41. Rxd5 Kxd5 42. Ke2 Bd4 43. f3 Kc5 44. Bd2 Be5 45. Be1 Kd4 46. Kd2 Bd6
47. Bf2+ Kd5 48. Kd3 Bb4 49. Be3 Be1 50. Bf4 Bf2 51. Ke2 Bd4 52. Kd3 Bf6 53.
Be3 Be5 54. Bf2 h6 55. Be1 Bd6 56. Bf2 Be7 57. Be3 Bd6 58. Bf2 h5 59. Be1 Be7
60. Bd2 Bd6 61. Be1 Bc5 62. Bd2 Bf2 63. Bf4 Be1 64. Ke2 Bc3 65. Kd3 Be5 66. Ke3
a5 67. Bxe5 Kxe5 68. f4+ Kd5 69. Kd3 Kc5 70. Kc3 b5 71. a3 b4+ 72. axb4+ axb4+
73. Kd3 Kd5 74. Ke3 Kc5 75. Kd3 Kd5 1/2-1/2

[Event "Tromsøsjakken NGP 2025"]
[Site "Sparebanken Nordnorge"]
[Date "2025.09.06"]
[Round "2"]
[White "Hammari, Vinjar"]
[Black "Aas, Robert J."]
[Result "1-0"]
[WhiteElo "2108"]
[BlackElo "1947"]
[PlyCount "93"]
[EventDate "2025.??.??"]

1. Nf3 Nf6 2. d4 g6 3. c4 Bg7 4. Nc3 O-O 5. e4 d6 6. Be2 Nbd7 7. O-O e5 8. Be3
Qe7 9. Qc2 c6 10. Rad1 Re8 11. d5 c5 12. a3 Kh8 13. Nd2 Nxe4 14. Ndxe4 f5 15.
Bg5 Qf8 16. Ng3 f4 17. Nge4 h6 18. Nb5 hxg5 19. Nxg5 e4 20. Nxd6 f3 21. Bxf3
Qf4 22. Bxe4 Re7 23. Nxc8 Rxc8 24. Ne6 Qh4 25. Rd3 Kg8 26. Rh3 Qf6 27. Bxg6 Ne5
28. Bf5 Rb8 29. f4 Nd7 30. Nxg7 Rxg7 31. Be6+ Kf8 32. Bxd7 Rxd7 33. Rh5 Rf7 34.
Re5 Re8 35. Qe4 Rb8 36. b4 cxb4 37. axb4 Qb6+ 38. c5 Qb5 39. Rf5 Re8 40. Rxf7+
Kxf7 41. Qh7+ Kf8 42. Qf5+ Kg7 43. d6 Re2 44. d7 Rd2 45. Qg5+ Kf7 46. d8=Q Qe2
47. Qgg8# 1-0

[Event "Tromsøsjakken NGP 2025"]
[Site "Sparebanken Nordnorge"]
[Date "2025.09.06"]
[Round "2"]
[White "Remman, Frank"]
[Black "Engkvist, Tomas"]
[Result "0-1"]
[WhiteElo "1857"]
[BlackElo "1943"]
[PlyCount "70"]
[EventDate "2025.??.??"]

1. d4 d5 2. c4 e6 3. g3 Nf6 4. Nf3 Be7 5. Bg2 O-O 6. O-O c5 7. Qc2 Qb6 8. e3
Bd7 9. Nbd2 Rc8 10. b3 Nc6 11. Bb2 cxd4 12. Nxd4 dxc4 13. Nxc4 Qa6 14. Nxc6
Bxc6 15. Bxc6 Qxc6 16. Rfc1 b5 17. Na3 Qa6 18. Nc4 bxc4 19. bxc4 Qc6 20. Qe2
Qe4 21. f3 Qc6 22. Rc2 Nd5 23. Kg2 Nb4 24. Rcc1 Rd8 25. Bd4 e5 26. Bc3 Nd3 27.
Rc2 Bc5 28. Rb1 e4 29. f4 Rab8 30. Rf1 f5 31. Kh1 Qb6 32. Qh5 Qg6 33. Qe2 Qg4
34. Qg2 Bxe3 35. h3 Qg6 0-1

[Event "Tromsøsjakken NGP 2025"]
[Site "Sparebanken Nordnorge"]
[Date "2025.09.06"]
[Round "2"]
[White "Mikalsen, Odd E."]
[Black "Jakobsen, Kjetil A."]
[Result "0-1"]
[WhiteElo "1917"]
[BlackElo "1941"]
[PlyCount "54"]
[EventDate "2025.??.??"]

1. e4 e5 2. Nf3 d5 3. exd5 e4 4. Nd4 Qxd5 5. Nb3 Nf6 6. d4 Bd6 7. c4 Qf5 8. h3
c6 9. Be3 O-O 10. Nc3 a5 11. Qc2 Na6 12. a3 Bd7 13. Be2 b5 14. g4 Qe6 15. cxb5
cxb5 16. g5 Nd5 17. Bg4 Nxe3 18. fxe3 Bg3+ 19. Kf1 f5 20. gxf6 Qxf6+ 21. Ke2
Bxg4+ 22. Kd2 Qf2+ 23. Kc1 Qxe3+ 24. Nd2 Bf3 25. Rf1 Rac8 26. Qb3+ Kh8 27. Qxb5
Rxc3+ 0-1

[Event "Tromsøsjakken NGP 2025"]
[Site "Sparebanken Nordnorge"]
[Date "2025.09.06"]
[Round "2"]
[White "Solbu, August"]
[Black "Andreassen, Erik Th."]
[Result "1-0"]
[WhiteElo "1912"]
[BlackElo "1820"]
[PlyCount "67"]
[EventDate "2025.??.??"]

1. e4 g6 2. d4 Bg7 3. Nc3 c6 4. Be3 Nf6 5. e5 Nd5 6. Nxd5 cxd5 7. h4 h5 8. c4
d6 9. f4 Qb6 10. cxd5 dxe5 11. Qc1 Bf5 12. dxe5 Qa5+ 13. Qd2 Qxd2+ 14. Bxd2 Be4
15. Bb5+ Kd8 16. Nf3 f6 17. Bc3 Rf8 18. O-O Nd7 19. e6 Nb6 20. Ba5 Rc8 21. Rac1
g5 22. Bd7 Rc7 23. Bxb6 axb6 24. Nd4 Bxd5 25. Nb5 Rxd7 26. exd7 gxh4 27. Nc7 e6
28. f5 Bh6 29. Nxe6+ Bxe6 30. fxe6 Bxc1 31. Rxc1 Ke7 32. Rc8 Rd8 33. a4 f5 34.
Kh2 1-0

[Event "Tromsøsjakken NGP 2025"]
[Site "Sparebanken Nordnorge"]
[Date "2025.09.06"]
[Round "2"]
[White "Andersen, Daniel H."]
[Black "Gulljord, Birk"]
[Result "0-1"]
[WhiteElo "1709"]
[BlackElo "1907"]
[PlyCount "90"]
[EventDate "2025.??.??"]

1. e4 c6 2. d4 d5 3. exd5 cxd5 4. c4 Nf6 5. Nc3 Nc6 6. Nf3 a6 7. Rb1 Bf5 8. Bd3
Bxd3 9. Qxd3 Nb4 10. Qe2 dxc4 11. Qxc4 e6 12. O-O Be7 13. Bg5 b5 14. Qe2 O-O
15. Rfd1 Rc8 16. a3 Nbd5 17. Nxd5 Nxd5 18. h4 h6 19. Bxe7 Qxe7 20. g3 Rc7 21.
Ne5 Rfc8 22. Nd3 Rc2 23. Rd2 Rxd2 24. Qxd2 Qd6 25. Nc5 Nb6 26. Rd1 Nc4 27. Qb4
Nxb2 28. Rb1 Nc4 29. a4 Qxd4 30. Nxa6 bxa4 31. Qxa4 Ra8 32. Qc6 Rd8 33. Nc7 Nd2
34. Rc1 Ne4 35. Rc2 Nxg3 36. Kg2 Nf5 37. Nxe6 Qg4+ 38. Kh2 Qxh4+ 39. Kg2 Qg4+
40. Kh2 Nh4 41. Nxd8 Nf3+ 42. Qxf3 Qxf3 43. Nc6 Qf4+ 44. Kg1 Qg4+ 45. Kf1 Qd1+
0-1

[Event "Tromsøsjakken NGP 2025"]
[Site "Sparebanken Nordnorge"]
[Date "2025.09.06"]
[Round "3"]
[White "Hammari, Vinjar"]
[Black "Kreken, Eivind G."]
[Result "1/2-1/2"]
[WhiteElo "2108"]
[BlackElo "2392"]
[PlyCount "99"]
[EventDate "2025.??.??"]

1. Nf3 d5 2. d4 Nf6 3. c4 dxc4 4. e3 Bg4 5. Bxc4 e6 6. Nbd2 Nbd7 7. h3 Bh5 8.
a3 c5 9. dxc5 Bxc5 10. b4 Bd6 11. Bb2 O-O 12. O-O Qe7 13. Be2 e5 14. Nc4 Bc7
15. Rc1 Rac8 16. Na5 e4 17. Nd4 Qe5 18. g3 Bxe2 19. Qxe2 Bxa5 20. bxa5 Qxa5 21.
Kg2 a6 22. Rc2 Nb6 23. Rfc1 Qd5 24. Rc7 Rxc7 25. Rxc7 Rc8 26. Qc2 Qd8 27. Rc3
Rxc3 28. Bxc3 Qc7 29. Qb3 Nbd5 30. Bb2 b5 31. Nf5 Qd7 32. Nd4 h5 33. Ne2 Qc6
34. Qd1 Qc4 35. Nd4 Qc8 36. Qe1 Nb6 37. Ne2 Nfd5 38. Qd1 Qf5 39. Qd4 Qf6 40.
Qd2 Nc4 41. Qxd5 Qf3+ 42. Kg1 Nxb2 43. Nd4 Qd1+ 44. Kg2 Nd3 45. Qxe4 Ne1+ 46.
Kh2 g6 47. Qe8+ Kg7 48. Qe5+ Kg8 49. Qe8+ Kg7 50. Qe5+ 1/2-1/2

[Event "Tromsøsjakken NGP 2025"]
[Site "Sparebanken Nordnorge"]
[Date "2025.09.06"]
[Round "3"]
[White "Schouten, Mathias L."]
[Black "Røyset, Pål N."]
[Result "1/2-1/2"]
[WhiteElo "2304"]
[BlackElo "2101"]
[PlyCount "45"]
[EventDate "2025.??.??"]

1. Nf3 d5 2. g3 c5 3. Bg2 Nc6 4. d4 cxd4 5. Nxd4 Nf6 6. O-O e6 7. c4 Bc5 8.
Nxc6 bxc6 9. Qc2 Be7 10. Rd1 O-O 11. e4 Bb7 12. Nc3 Qc7 13. h3 Rfd8 14. Be3 e5
15. Bg5 d4 16. Ne2 c5 17. Nc1 a5 18. Re1 h6 19. Bd2 Bc6 20. Nd3 Nd7 21. Re2 Bd6
22. Rf1 Re8 23. f3 1/2-1/2

[Event "Tromsøsjakken NGP 2025"]
[Site "Sparebanken Nordnorge"]
[Date "2025.09.06"]
[Round "3"]
[White "Jakobsen, Kjetil A."]
[Black "Valvåg, Torbjørn"]
[Result "1/2-1/2"]
[WhiteElo "1941"]
[BlackElo "2052"]
[PlyCount "53"]
[EventDate "2025.??.??"]

1. e4 c5 2. Nc3 Nc6 3. Bc4 g6 4. f4 Bg7 5. Nf3 e6 6. a3 Nge7 7. Ba2 d5 8. e5
O-O 9. O-O a6 10. Ne2 d4 11. Ng5 Nd5 12. g4 f6 13. exf6 Qxf6 14. d3 b6 15. Ng3
h6 16. N5e4 Qh4 17. f5 Ne5 18. g5 Ng4 19. Qe2 Be5 20. fxe6 Rxf1+ 21. Nxf1 Bxe6
22. Nf6+ Ngxf6 23. Qxe5 Qg4+ 24. Ng3 Qd1+ 25. Nf1 Qg4+ 26. Ng3 Qd1+ 27. Nf1
1/2-1/2

[Event "Tromsøsjakken NGP 2025"]
[Site "Sparebanken Nordnorge"]
[Date "2025.09.06"]
[Round "3"]
[White "Aas, Robert J."]
[Black "Solbu, August"]
[Result "0-1"]
[WhiteElo "1947"]
[BlackElo "1912"]
[PlyCount "64"]
[EventDate "2025.??.??"]

1. d4 d5 2. c4 e6 3. Nf3 Nf6 4. g3 Be7 5. Bg2 O-O 6. O-O dxc4 7. Na3 Bxa3 8.
bxa3 Bd7 9. a4 Bc6 10. Ba3 Re8 11. Qc2 Nbd7 12. Rad1 Nb6 13. a5 Ba4 14. Qb1
Bxd1 15. Rxd1 Nbd5 16. Qc2 c6 17. e4 Nxe4 18. Ne5 Nec3 19. Re1 Nb5 20. Bc5 Qxa5
21. Rc1 Nbc3 22. Be4 Nxe4 23. Qxe4 Qxa2 24. Nxc4 Nc3 25. Rxc3 Qa1+ 26. Kg2 Qxc3
27. Nd6 Qb3 28. Qf4 e5 29. Qg4 Qd5+ 30. Kf1 exd4 31. Nxe8 Rxe8 32. Be7 Qh1+ 0-1

[Event "Tromsøsjakken NGP 2025"]
[Site "Sparebanken Nordnorge"]
[Date "2025.09.06"]
[Round "3"]
[White "Engkvist, Tomas"]
[Black "Gulljord, Birk"]
[Result "1/2-1/2"]
[WhiteElo "1943"]
[BlackElo "1907"]
[PlyCount "180"]
[EventDate "2025.??.??"]

1. e4 c6 2. Nc3 d5 3. Nf3 Bg4 4. h3 Bxf3 5. Qxf3 Nf6 6. exd5 cxd5 7. Bb5+ Nc6
8. O-O e6 9. Ne2 Be7 10. d4 O-O 11. c3 a6 12. Bd3 b5 13. a3 Qb6 14. Bf4 Rfc8
15. Ng3 a5 16. Bg5 b4 17. Bxf6 Bxf6 18. Nh5 Qd8 19. Nxf6+ Qxf6 20. Qxf6 gxf6
21. axb4 axb4 22. f4 bxc3 23. Rxa8 Rxa8 24. bxc3 Ra3 25. Rf3 f5 26. Be2 Ne7 27.
Kf2 Ra2 28. Ke3 Nc8 29. Rf2 Nd6 30. Bd3 Rxf2 31. Kxf2 Ne4+ 32. Ke3 Nxc3 33. g4
Nd1+ 34. Kf3 fxg4+ 35. hxg4 Nb2 36. Bb5 Kg7 37. f5 Nc4 38. Kf4 exf5 39. gxf5
Kf6 40. Bc6 Nb6 41. Kg4 h6 42. Kf4 h5 43. Bb5 Nc4 44. Bc6 Nb6 45. Bb5 h4 46.
Bf1 Nc4 47. Bg2 Nd6 48. Bxd5 Nxf5 49. Be4 Ng3 50. Bg2 Ke6 51. Kg4 Nf5 52. Be4
Nxd4 53. Kxh4 Ke5 54. Bd3 Kf4 55. Kh3 Nf3 56. Bc4 f6 57. Bb3 f5 58. Bc2 Ng5+
59. Kg2 Ne4 60. Ba4 Ke3 61. Bc6 Nd2 62. Bd7 f4 63. Bg4 Ne4 64. Bf3 Nf6 65. Bc6
Ng4 66. Bf3 Nf2 67. Bc6 Nd3 68. Bb7 Ne1+ 69. Kf1 Nf3 70. Kg2 Nd2 71. Bd5 Ke2
72. Bc6 Ke1 73. Bd5 Ke2 74. Bc6 Kd3 75. Bb5+ Ke3 76. Bc6 Nc4 77. Bf3 Ne5 78.
Bd5 Ng6 79. Bb7 Nh4+ 80. Kh3 Nf3 81. Kg2 Ne1+ 82. Kf1 Nd3 83. Kg2 Nc5 84. Bc6
Ne4 85. Bxe4 Kxe4 86. Kf2 f3 87. Kf1 Kf4 88. Kf2 Kg4 89. Kf1 Kg3 90. Kg1 Kf4
1/2-1/2

[Event "Tromsøsjakken NGP 2025"]
[Site "Sparebanken Nordnorge"]
[Date "2025.09.06"]
[Round "3"]
[White "Remman, Frank"]
[Black "Mikalsen, Odd E."]
[Result "1-0"]
[WhiteElo "1857"]
[BlackElo "1917"]
[PlyCount "85"]
[EventDate "2025.??.??"]

1. d4 Nf6 2. Nf3 d6 3. g3 g6 4. Bg2 Bg7 5. O-O O-O 6. c4 c5 7. Nc3 Na6 8. h3
Rb8 9. Nb5 cxd4 10. Nfxd4 Bd7 11. Be3 Nc5 12. Nxa7 Qa5 13. Ndb5 Be6 14. Qc2 Ra8
15. a3 Bf5 16. Qd1 Qd8 17. Bxc5 dxc5 18. Qxd8 Raxd8 19. Rad1 Nd7 20. Bxb7 Bxh3
21. Bg2 Bg4 22. Nc6 Bxe2 23. Nxd8 Rxd8 24. Bc6 Bxd1 25. Rxd1 Bd4 26. Bxd7 Rxd7
27. Nxd4 cxd4 28. b4 e5 29. c5 Kf8 30. c6 Ra7 31. Rc1 Rc7 32. Kf1 d3 33. Ke1
Ke7 34. b5 Kd6 35. a4 e4 36. a5 f5 37. Kd2 g5 38. b6 Rxc6 39. b7 Rxc1 40. b8=Q+
Rc7 41. a6 Kd7 42. a7 Rc2+ 43. Kd1 1-0

[Event "Tromsøsjakken NGP 2025"]
[Site "Sparebanken Nordnorge"]
[Date "2025.09.06"]
[Round "3"]
[White "Andreassen, Erik Th."]
[Black "Andersen, Daniel H."]
[Result "1-0"]
[WhiteElo "1820"]
[BlackElo "1709"]
[PlyCount "69"]
[EventDate "2025.??.??"]

1. e4 c5 2. Nc3 Nc6 3. Bb5 Nd4 4. Nf3 g6 5. Nxd4 cxd4 6. Ne2 Bg7 7. a4 e5 8.
O-O Ne7 9. f4 exf4 10. Nxf4 O-O 11. d3 d5 12. Nxd5 Nxd5 13. exd5 Qxd5 14. Bc4
Qc6 15. b4 Be6 16. b5 Qc8 17. Bxe6 Qxe6 18. Bd2 h5 19. Qf3 Qd7 20. Bg5 Rac8 21.
Rf2 Rc5 22. Qg3 Rfc8 23. Raf1 f5 24. Bf4 Kh7 25. Rc1 a6 26. bxa6 bxa6 27. Re2
Re8 28. Rce1 Rxe2 29. Rxe2 Ra5 30. Qg5 Qc6 31. Re7 Kg8 32. Rxg7+ Kxg7 33. Qe7+
Kg8 34. Bh6 Qf6 35. Qxf6 1-0

[Event "Tromsøsjakken NGP 2025"]
[Site "Sparebanken Nordnorge"]
[Date "2025.09.07"]
[Round "4"]
[White "Kreken, Eivind G."]
[Black "Schouten, Mathias L."]
[Result "1/2-1/2"]
[WhiteElo "2392"]
[BlackElo "2304"]
[PlyCount "97"]
[EventDate "2025.??.??"]

1. d4 d5 2. c4 c6 3. Nf3 Nf6 4. Nc3 e6 5. Bg5 Nbd7 6. e3 Qa5 7. Nd2 dxc4 8.
Bxf6 Nxf6 9. Nxc4 Qc7 10. Rc1 Be7 11. g3 O-O 12. Bg2 Rd8 13. O-O Bd7 14. e4 b5
15. Ne3 Qb6 16. d5 Bc5 17. Qf3 Rac8 18. dxe6 Bxe6 19. Nf5 Nd7 20. Qf4 Nf8 21.
e5 Ng6 22. Qe4 Rd2 23. b4 Bxb4 24. Nh6+ gxh6 25. Qxb4 Rd4 26. Qb2 Nxe5 27. Ne2
Rcd8 28. Nxd4 Nd3 29. Qc2 Rxd4 30. Rb1 c5 31. Qe2 b4 32. f4 c4 33. Kh1 Qd8 34.
f5 Bd5 35. f6 c3 36. Rbd1 Bxg2+ 37. Kxg2 Qd5+ 38. Kg1 Ne5 39. Rfe1 Kf8 40. Kf2
Qc5 41. Rxd4 Qxd4+ 42. Kf1 Qd3 43. Kf2 Qd4+ 44. Kg2 Qd5+ 45. Kh3 Qd7+ 46. Kg2
Qd5+ 47. Kg1 Qd4+ 48. Kf1 Qd3 49. Kf2 1/2-1/2

[Event "Tromsøsjakken NGP 2025"]
[Site "Sparebanken Nordnorge"]
[Date "2025.09.07"]
[Round "4"]
[White "Valvåg, Torbjørn"]
[Black "Hammari, Vinjar"]
[Result "1-0"]
[WhiteElo "2052"]
[BlackElo "2108"]
[PlyCount "111"]
[EventDate "2025.??.??"]

1. d4 d5 2. Nc3 Nf6 3. Bf4 a6 4. e3 h6 5. Nf3 e6 6. Bd3 c5 7. dxc5 Bxc5 8. O-O
Nc6 9. e4 dxe4 10. Bxe4 O-O 11. Bxc6 bxc6 12. Na4 Be7 13. Qxd8 Bxd8 14. Bd6 Re8
15. Ne5 Ne4 16. Ba3 Bf6 17. Nc4 c5 18. Rae1 Ng5 19. Bxc5 Bd7 20. Nab6 Bb5 21.
f4 Nh7 22. Rf3 Rab8 23. Nd6 Be7 24. Nxe8 Bxc5+ 25. Kh1 Rxe8 26. a4 Bc6 27. Rb3
Nf6 28. a5 Ne4 29. h3 Bd6 30. Rf3 f5 31. Nc4 Bc5 32. Ne5 Ba8 33. Nd3 Ba7 34.
Re2 Rd8 35. Kh2 Bc6 36. Rf1 Bb5 37. Rd1 Bb8 38. g3 g5 39. Ree1 Rc8 40. Rc1 Nxg3
41. c4 Rxc4 42. Kxg3 gxf4+ 43. Kf3 Rxc1 44. Rxc1 Bxd3 45. Rc8+ Kf7 46. Rxb8 e5
47. b4 Be4+ 48. Kf2 Bd5 49. b5 axb5 50. Rxb5 Ke6 51. a6 Bh1 52. a7 e4 53. Rb8
e3+ 54. Ke2 Bd5 55. a8=Q Bc4+ 56. Ke1 1-0

[Event "Tromsøsjakken NGP 2025"]
[Site "Sparebanken Nordnorge"]
[Date "2025.09.08"]
[Round "4"]
[White "Røyset, Pål N."]
[Black "Engkvist, Tomas"]
[Result "1-0"]
[WhiteElo "2101"]
[BlackElo "1943"]
[PlyCount "95"]
[EventDate "2025.??.??"]

1. e4 e5 2. Nf3 Nc6 3. Bb5 a6 4. Ba4 Nf6 5. O-O Be7 6. Re1 b5 7. Bb3 d6 8. c3
O-O 9. h3 Na5 10. Bc2 c5 11. d4 Qc7 12. Nbd2 cxd4 13. cxd4 Nc6 14. d5 Nb8 15.
a4 Qb7 16. Nb3 bxa4 17. Na5 Qc7 18. Bd2 Nbd7 19. Bxa4 Nc5 20. Qc2 Bd8 21. Bc6
Ncxe4 22. Rxe4 Bf5 23. Rae1 Nxe4 24. Rxe4 Rb8 25. b4 Qe7 26. Nc4 Qf6 27. Ne3
Bxe4 28. Qxe4 Bb6 29. Nc4 Bc7 30. Ng5 g6 31. Qh4 h5 32. Qe4 Kg7 33. Qe3 Qf5 34.
Ne4 Qf4 35. Qe2 Qf5 36. Nexd6 Qb1+ 37. Kh2 f6 38. Qe3 Rh8 39. Qa7 Rhc8 40. Nxc8
Rxc8 41. Nd6 e4 42. g3 Qf1 43. Nxc8 Kh8 44. Qe3 h4 45. Qh6+ Kg8 46. Qxg6+ Kh8
47. Qxf6+ Kh7 48. Qf7+ 1-0

[Event "Tromsøsjakken NGP 2025"]
[Site "Sparebanken Nordnorge"]
[Date "2025.09.07"]
[Round "4"]
[White "Gulljord, Birk"]
[Black "Aas, Robert J."]
[Result "0-1"]
[WhiteElo "1907"]
[BlackElo "1947"]
[PlyCount "138"]
[EventDate "2025.??.??"]

1. d4 Nf6 2. c4 g6 3. Nf3 Bg7 4. g3 d6 5. Bg2 O-O 6. Nc3 Nbd7 7. O-O e5 8. e4
c6 9. h3 Qb6 10. b3 exd4 11. Na4 Qc7 12. Nxd4 Nc5 13. Nc3 Re8 14. Re1 Nfd7 15.
Be3 Ne5 16. f4 Ned3 17. Re2 f5 18. a3 fxe4 19. Nxe4 Nxe4 20. Bxe4 Rxe4 21. Qxd3
Qe7 22. Rae1 Bxh3 23. Bf2 Rxe2 24. Rxe2 Qd7 25. Nf3 Bf5 26. Qe3 Bg4 27. Rd2 Bf5
28. Re2 Bg4 29. Rd2 c5 30. Ne5 Qe6 31. Nxg4 Qxg4 32. Rxd6 b6 33. Qe4 Rf8 34.
Qd5+ Kh8 35. Rd8 h6 36. Rxf8+ Bxf8 37. Qf7 Bg7 38. Qxa7 Qd1+ 39. Kg2 Qxb3 40.
Qf7 Qd3 41. a4 Qe4+ 42. Kg1 Kh7 43. g4 Qf3 44. Qd7 Qxf4 45. a5 bxa5 46. Bxc5
Qxc4 47. Bf8 Qc1+ 48. Kg2 Qb2+ 49. Kg1 Qb6+ 50. Kg2 Qf6 51. Bxg7 Qxg7 52. Qb5
Qa7 53. Qa4 Qb7+ 54. Kg1 Qb6+ 55. Kg2 Qe6 56. Kg3 Qe1+ 57. Kh3 Qd2 58. Kg3 Qe3+
59. Kg2 Qe6 60. Kg3 Qe5+ 61. Kh3 Kg7 62. Qd7+ Kf6 63. Qd8+ Ke6 64. Qg8+ Kd6 65.
Qxg6+ Qe6 66. Qd3+ Kc5 67. Qa3+ Kb5 68. Qb2+ Ka4 69. Qc2+ Qb3+ 0-1

[Event "Tromsøsjakken NGP 2025"]
[Site "Sparebanken Nordnorge"]
[Date "2025.09.07"]
[Round "4"]
[White "Solbu, August"]
[Black "Jakobsen, Kjetil A."]
[Result "1-0"]
[WhiteElo "1912"]
[BlackElo "1941"]
[PlyCount "71"]
[EventDate "2025.??.??"]

1. e4 e5 2. Nf3 Nc6 3. d4 exd4 4. Bc4 Nf6 5. e5 d5 6. Bb5 Ne4 7. Nxd4 Bd7 8.
Bxc6 bxc6 9. O-O Be7 10. f3 Ng5 11. f4 Ne6 12. f5 Nxd4 13. Qxd4 Rb8 14. Qg4 O-O
15. Bh6 g6 16. Bxf8 Qxf8 17. Nd2 Qh6 18. Nb3 Rb4 19. Qg3 Bh4 20. Qf3 Bxf5 21.
g3 Rg4 22. Rae1 Qg5 23. Re2 h5 24. Rg2 Qe7 25. Nd2 Bg5 26. Re1 Qc5+ 27. Kh1
Qxc2 28. e6 fxe6 29. h3 Rb4 30. g4 hxg4 31. hxg4 Rf4 32. Qe2 Qc5 33. gxf5 Rh4+
34. Rh2 Qd4 35. Qxe6+ Kg7 36. Qxg6+ 1-0